000 01037nam a22003377a 4500
003 CHAP
005 20220817043337.0
008 971013s1982 r 00010 d
010 _a72637
011 _a73609
035 _a83167
040 _cCHAP
082 _a029.5
_bF3
110 _aFAO
245 _aAGRIS
_b: guide to indexing
260 _aRoma :
_bCentro de Coordinación AGRIS,
_c1982
300 _a169 p.
590 _aBATCH-UPD
_b10
_c20130110
_lUCH01
_h0146
590 _aBATCH-UPD
_b10
_c20130110
_lUCH01
_h1017
590 _aBATCH-UPD
_b10
_c20130409
_lUCH01
_h2146
590 _aBATCH-UPD
_b10
_c20130410
_lUCH01
_h0624
590 _aBATCH-UPD
_b10
_c20130913
_lUCH01
_h2055
590 _aCONVERSION
_b10
_c20130109
_lUCH01
_h1340
650 1 4 _aAgricultura
_xIndización.
_91558
650 1 4 _aAgricultura
_xSistemas de información.
_91796
700 0 _aLeatherdale, Donald.
_965336
700 0 _aMartinelli, María Teresa.
_971659
901 _aBK
942 _cLIBRO
949 _a029.5 F3
_bBC
_cB
_d-99928
_eB
_h60574
_i83167
_si
999 _c72637
_d72637